| Registos Bibliográficos associados ao registo de autoridade |
|
Etiqueta de registo: 00000nam 2200025 450 001 2280639 003 http://id.bnportugal.gov.pt/bib/catbnp/2280639 100 ## $a20260316d2024 k y0pory01030103ba 101 0# $aeng$dpor 102 ## $aPT 105 ## $aa m 000yy 106 ## $ar 200 1# $aAge of information in wireless communication systems$fWijerathna Basnayaka Mudiyanselage Chathuranga Madhushan Basnayaka$gorient. Jayakody Arachchilage Dushantha Nalin Kumara, Marko Beko 210 #9 $aLisboa$c[s.n.],$d2024 215 ## $aXXIX, 140 p.$cil.$d30 cm 328 #1 $aTese dout. Informática (Novos Media e Sistemas Ubíquos), Universidade Lusófona - Centro
Universitário de Lisboa, 2024 675 ## $a004.7(043)$vBN$zpor$3918097 675 ## $a004.82(043)$vBN$zpor$31209577 700 #1 $aBasnayaka,$bWijerathna Basnayaka Mudiyanselage Chathuranga Madhushan$31991638 702 #1 $aKumara,$bJayakody Arachchilage Dushantha Nalin$4727$31991084 702 #1 $aBeko,$bMarko$4727$31397094 801 #0 $aPT$bBN$gRPC 966 ## $lBN$mFGMON$sP. 72331 V.$x1 971 ## $corlando$d20260316 972 ## $e0$z0$d20260410$vlrevez 973 ## $cigoulao$d20260320
Etiqueta de registo: 00000nam 2200025 450 001 2279786 003 http://id.bnportugal.gov.pt/bib/catbnp/2279786 100 ## $a20260312d2025 k y0pory01030103ba 101 0# $aeng$dpor 102 ## $aPT 105 ## $aa m 000yy 106 ## $ar 200 1# $aPerformance analysis of optical wireless communication system$fMohammad Furqan Ali$gorient. Jayakody Arachchilage Dushantha Nalin Kumara 210 #9 $aLisboa$c[s.n.],$d2025 215 ## $aXXVIII, 89 p.$cil.$d30 cm 328 #1 $aTese dout. Informática, Centro Universitário de Lisboa, Universidade Lusófona, 2025 675 ## $a004.41(043)$vBN$zpor$3869101 675 ## $a004.7(043)$vBN$zpor$3918097 700 #0 $aMohammad,$bFurqan Ali$31991083 702 #1 $aKumara,$bJayakody Arachchilage Dushantha Nalin$4727$31991084 801 #0 $aPT$bBN$gRPC 966 ## $lBN$mFGMON$sP. 72337 V.$x1 971 ## $corlando$d20260312 972 ## $e0$z0$d20260408$vasantos 973 ## $cigoulao$d20260320
|
|
|